[Event "BL2 Sued 0809 (Women)"]
[Site "Germany"]
[Date "2008.12.07"]
[Round "4.6"]
[White "Muench, Ursula"]
[Black "Klein, Cornelia"]
[Result "1-0"]
[WhiteElo "1707"]
[BlackElo "1908"]
[PlyCount "43"]
[EventDate "2008.11.08"]
[EventType "team-tourn"]
[EventRounds "7"]
[EventCountry "GER"]
[SourceTitle "EXT 2010"]
[Source "ChessBase"]
[SourceDate "2010.11.25"]
[SourceVersion "1"]
[SourceVersionDate "2010.11.25"]
[SourceQuality "1"]
[WhiteTeam "Augsburg (W)"]
[BlackTeam "Schott Mainz (W)"]
[WhiteTeamCountry "GER"]
[BlackTeamCountry "GER"]

1. Nf3 d5 2. g3 c5 3. Bg2 Nc6 4. 0-0 Nf6 5. d3 e5 6. Nc3 h6 7. e4 Be6 8. exd5 Nxd5 9. Re1 Nxc3 10. bxc3 Bd6 11. d4 cxd4 12. cxd4 exd4 13. Nxd4 Nxd4 14. Qxd4 0-0 15. Bb2 Qf6 16. Qxf6 gxf6 17. Bxf6 Rab8 18. Rad1 Ba3 19. Rd3 Bb4 20. Re4 Ba5 21. Rh4 Kh7 22. Be4+ 1-0

[Event "BL2 West 0708 (Women)"]
[Site "Germany"]
[Date "2008.03.16"]
[Round "7.5"]
[White "Buechle, Regina"]
[Black "Klein, Cornelia"]
[Result "1/2-1/2"]
[WhiteElo "2021"]
[BlackElo "1879"]
[PlyCount "56"]
[EventDate "2007.11.10"]
[EventType "team-tourn"]
[EventRounds "7"]
[EventCountry "GER"]
[SourceTitle "EXT 2009"]
[Source "ChessBase"]
[SourceDate "2008.11.26"]
[SourceVersion "1"]
[SourceVersionDate "2008.11.26"]
[SourceQuality "1"]
[WhiteTeam "Wattenscheid (W)"]
[BlackTeam "Schott Mainz (W) II"]
[WhiteTeamCountry "GER"]
[BlackTeamCountry "GER"]

1. d4 Nf6 2. Nf3 e6 3. c4 b6 4. a3 Bb7 5. Nc3 Be7 6. d5 exd5 7. cxd5 d6 8. e4 0-0 9. Be2 Re8 10. 0-0 Bf8 11. Qc2 h6 12. b4 c6 13. dxc6 Nxc6 14. Bb2 Rc8 15. Rad1 Nxe4 16. Qd3 Nxc3 17. Bxc3 Qe7 18. Rfe1 Ne5 19. Nxe5 dxe5 20. Qg3 e4 21. Bd2 Qf6 22. Rc1 Bd6 23. Qb3 Qe5 24. g3 Qf5 25. Be3 Rxc1 26. Rxc1 Qe6 27. Bc4 Qe7 28. Rd1 Be5 1/2-1/2

[Event "BL 0708 (Women)"]
[Site "Germany"]
[Date "2008.01.27"]
[Round "7.6"]
[White "Schmidt, Jade"]
[Black "Klein, Cornelia"]
[Result "0-1"]
[WhiteElo "1975"]
[BlackElo "1879"]
[PlyCount "134"]
[EventDate "2007.11.10"]
[EventType "team-tourn"]
[EventRounds "11"]
[EventCountry "GER"]
[SourceTitle "EXT 2009"]
[Source "ChessBase"]
[SourceDate "2008.11.26"]
[SourceVersion "1"]
[SourceVersionDate "2008.11.26"]
[SourceQuality "1"]
[WhiteTeam "Hamburger SK (W)"]
[BlackTeam "Schott Mainz (W)"]
[WhiteTeamCountry "GER"]
[BlackTeamCountry "GER"]

1. d4 Nf6 2. c4 e6 3. Nc3 Bb4 4. Qc2 b6 5. e4 h6 6. e5 Ng8 7. Bd3 Ne7 8. Nge2 Bb7 9. a3 Bxc3+ 10. bxc3 d6 11. f4 Nd7 12. 0-0 f5 13. exf6 Nxf6 14. Bg6+ Nxg6 15. Qxg6+ Kf8 16. f5 e5 17. Qg3 Qe7 18. Re1 Nh5 19. Qh3 Qf7 20. g4 Nf6 21. c5 Kg8 22. cxd6 cxd6 23. a4 Qd5 24. Ng3 exd4 25. Bf4 dxc3 26. Rad1 Qf3 27. Bxd6 Nxg4 28. Qf1 Qxf1+ 29. Nxf1 Kh7 30. Rc1 Rac8 31. Bb4 c2 32. Re2 Ba6 33. Rg2 Bxf1 34. Rxg4 Bd3 35. Rf4 Rhe8 36. a5 Re4 37. Rxe4 Bxe4 38. axb6 axb6 39. f6 gxf6 40. Kf2 f5 41. Ba3 b5 42. Bb2 Rc4 43. Rg1 Rc7 44. Ke2 Rd7 45. Bc3 Bf3+ 46. Ke3 Bd1 47. Bb2 b4 48. Rg2 b3 49. Rg1 Bg4 50. Rc1 Rd1 51. Kf4 Kg6 52. Kg3 h5 53. Kf4 Rd2 54. h4 Rh2 55. Ra1 Rf2+ 56. Kg3 Rf3+ 57. Kg2 Re3 58. Ra6+ Kf7 59. Rb6 Re1 60. Rc6 Rb1 61. Ba3 Bd1 62. Kf2 b2 63. Rc7+ Ke6 64. Rc6+ Ke5 65. Rc5+ Kd4 66. Rxf5 c1Q 67. Bc5+ Qxc5 0-1

[Event "BL 0708 (Women)"]
[Site "Germany"]
[Date "2008.01.26"]
[Round "6.6"]
[White "Klein, Cornelia"]
[Black "Krumbke, Nadine"]
[Result "1/2-1/2"]
[WhiteElo "1879"]
[BlackElo "1863"]
[PlyCount "110"]
[EventDate "2007.11.10"]
[EventType "team-tourn"]
[EventRounds "11"]
[EventCountry "GER"]
[SourceTitle "EXT 2009"]
[Source "ChessBase"]
[SourceDate "2008.11.26"]
[SourceVersion "1"]
[SourceVersionDate "2008.11.26"]
[SourceQuality "1"]
[WhiteTeam "Schott Mainz (W)"]
[BlackTeam "Kiel Doppelbauer (W)"]
[WhiteTeamCountry "GER"]
[BlackTeamCountry "GER"]

1. e4 c5 2. c3 d5 3. exd5 Qxd5 4. d4 Nc6 5. Nf3 Bg4 6. Be2 Nf6 7. Na3 cxd4 8. Nb5 Qd8 9. Nbxd4 Nxd4 10. Qxd4 Qxd4 11. Nxd4 Bxe2 12. Kxe2 0-0-0 13. f3 e5 14. Nb3 Be7 15. Be3 b6 16. Rad1 Nd5 17. Bc1 f5 18. g3 Bf6 19. Nd2 Rhe8 20. Nc4 e4 21. f4 Rd7 22. Be3 Red8 23. Bd4 Bxd4 24. Rxd4 Ne7 25. Rxd7 Rxd7 26. Rd1 Rxd1 27. Kxd1 Kd7 28. Ke2 Ke6 29. Ne3 h6 30. c4 g5 31. b4 gxf4 32. gxf4 Nc6 33. a3 Nd4+ 34. Kf2 a5 35. bxa5 bxa5 36. c5 Nb3 37. c6 Nd4 38. c7 Kd7 39. Nc4 Nc6 40. c8Q+ Kxc8 41. Nd6+ Kd7 42. Nxf5 Ke6 43. Ng3 Kd5 44. Ke3 Nd4 45. Nxe4 Nc2+ 46. Kd3 Nxa3 47. f5 Ke5 48. f6 Ke6 49. Nc5+ Kxf6 50. Nb3 Kg5 51. Nxa5 Kh4 52. Nc6 h5 53. Ne5 Kh3 54. Nf3 Kg2 55. Ke4 h4 1/2-1/2

[Event "BCF-chT4 0607 (4NCL)"]
[Site "Sunningdale"]
[Date "2007.02.11"]
[Round "6.4"]
[White "Lettington, David"]
[Black "Klein, Cornelia"]
[Result "0-1"]
[WhiteElo "1755"]
[BlackElo "1881"]
[PlyCount "100"]
[EventDate "2006.09.16"]
[EventType "team"]
[EventRounds "11"]
[EventCountry "ENG"]
[SourceTitle "EXT 2008"]
[Source "ChessBase"]
[SourceDate "2007.11.25"]
[SourceVersion "1"]
[SourceVersionDate "2007.11.25"]
[SourceQuality "1"]
[WhiteTeam "AMCA Hippos"]
[BlackTeam "Addlestone"]
[WhiteTeamCountry "ENG"]
[BlackTeamCountry "ENG"]

1. e4 e5 2. Nf3 Nc6 3. Bc4 Bc5 4. c3 Nf6 5. d3 d6 6. b4 Bb6 7. a4 a5 8. b5 Ne7 9. Bg5 Ng6 10. 0-0 0-0 11. Nbd2 Be6 12. Qb3 Qe7 13. Bxf6 Qxf6 14. Bxe6 Qxe6 15. Qxe6 fxe6 16. g3 h6 17. Ne1 d5 18. Ng2 Rad8 19. Rad1 Rd7 20. exd5 exd5 21. Nb3 Rdf7 22. d4 c6 23. Rd2 Rf3 24. Ne3 Ne7 25. Nc5 Bxc5 26. dxc5 Rc8 27. b6 Rcf8 28. Re1 Ng6 29. Kg2 h5 30. Ree2 h4 31. c4 d4 32. Ng4 h3+ 33. Kg1 Rc3 34. Rc2 Rxc2 35. Rxc2 d3 36. Rd2 e4 37. Ne3 Ne5 38. Kh1 Nf3 39. Rd1 Nd4 40. Rd2 Nb3 41. Ra2 Nxc5 42. Kg1 Nb3 43. Rb2 Nd4 44. Kh1 Nf3 45. Nf1 Nd4 46. Kg1 Ne2+ 47. Kh1 Rxf2 48. Rb1 Nd4 49. Rd1 Nf3 50. c5 Rg2 0-1

[Event "GER-chT Federal Cup (Women)"]
[Site "Germany"]
[Date "2007.??.??"]
[Round "2"]
[White "Kuznetsova, Elena V"]
[Black "Klein, Cornelia"]
[Result "1-0"]
[WhiteElo "2145"]
[BlackElo "1880"]
[PlyCount "37"]
[EventDate "2007.06.??"]
[EventType "team-swiss"]
[EventRounds "5"]
[EventCountry "GER"]
[SourceTitle "EXT 2008"]
[Source "ChessBase"]
[SourceDate "2007.11.25"]
[SourceVersion "1"]
[SourceVersionDate "2007.11.25"]
[SourceQuality "1"]
[WhiteTeam "NRW"]
[BlackTeam "Rheinland Pfalz"]
[WhiteTeamCountry "GER"]
[BlackTeamCountry "GER"]

1. e4 e5 2. Nf3 Nc6 3. Bb5 a6 4. Ba4 Nf6 5. d3 b5 6. Bb3 h6 7. 0-0 Be7 8. Re1 0-0 9. Nbd2 d6 10. c3 Be6 11. Nf1 Nh7 12. d4 Bg4 13. Bd5 Qe8 14. Bxc6 Qxc6 15. Nxe5 dxe5 16. Qxg4 exd4 17. cxd4 Rad8 18. Ng3 Nf6 19. Nf5 1-0

[Event "Recklinghausen op 16th"]
[Site "Recklinghausen"]
[Date "2006.10.14"]
[Round "7"]
[White "Nebel, Rudi"]
[Black "Klein, Cornelia"]
[Result "0-1"]
[WhiteElo "1602"]
[BlackElo "1885"]
[PlyCount "98"]
[EventDate "2006.10.07"]
[EventType "swiss"]
[EventRounds "7"]
[EventCountry "GER"]
[SourceTitle "CBM 114 Extra"]
[Source "ChessBase"]
[SourceDate "2006.11.03"]
[SourceVersion "1"]
[SourceVersionDate "2006.11.03"]
[SourceQuality "1"]

1. e4 e5 2. Bc4 Nf6 3. d3 h6 4. Nf3 Nc6 5. a4 Bc5 6. c3 a5 7. 0-0 0-0 8. Re1 d6 9. h3 Bd7 10. Nbd2 Qc8 11. Nf1 Kh8 12. Be3 Bxe3 13. Rxe3 Nh7 14. g4 Ne7 15. Ng3 Ng6 16. d4 f6 17. Nf5 Qe8 18. N3h4 Nf4 19. Rg3 Ng5 20. f3 Ngxh3+ 21. Kh2 Ng5 22. Qd2 Kh7 23. Rh1 g6 24. Ne3 Rh8 25. Kg1 Kg7 26. Nd5 Nxd5 27. Bxd5 c6 28. Bb3 Rd8 29. Bc2 Qe7 30. f4 exf4 31. Qxf4 Rde8 32. Rh2 d5 33. Re2 Rhf8 34. Kg2 dxe4 35. Rge3 Be6 36. Kg3 Bd5 37. b3 c5 38. dxc5 Qxc5 39. c4 Bc6 40. Qf2 Qe5+ 41. Kg2 Re7 42. Qg3 Rfe8 43. Qxe5 Rxe5 44. Kg3 f5 45. gxf5 gxf5 46. Ng2 Ne6 47. Nf4 Kf6 48. Rh2 Rg8+ 49. Kf2 Nxf4 0-1

[Event "Recklinghausen op 16th"]
[Site "Recklinghausen"]
[Date "2006.10.11"]
[Round "4"]
[White "Klein, Cornelia"]
[Black "Rausch, Peter"]
[Result "1-0"]
[WhiteElo "1885"]
[BlackElo "1446"]
[PlyCount "89"]
[EventDate "2006.10.07"]
[EventType "swiss"]
[EventRounds "7"]
[EventCountry "GER"]
[SourceTitle "CBM 114 Extra"]
[Source "ChessBase"]
[SourceDate "2006.11.03"]
[SourceVersion "1"]
[SourceVersionDate "2006.11.03"]
[SourceQuality "1"]

1. e4 d5 2. exd5 Qxd5 3. Nc3 Qa5 4. d4 c6 5. Bd2 Qb6 6. Bc1 Nf6 7. h3 Bf5 8. Nf3 Nbd7 9. Bc4 e6 10. 0-0 0-0-0 11. Ne2 h6 12. c3 g5 13. b4 Bd6 14. Be3 Qc7 15. Bd3 Bxd3 16. Qxd3 g4 17. hxg4 Nxg4 18. g3 Rdg8 19. Kg2 Ndf6 20. Rh1 Nd5 21. Rh3 Ngxe3+ 22. fxe3 f5 23. Kf2 Rh7 24. Rg1 Rhg7 25. e4 fxe4 26. Qxe4 Qf7 27. Rxh6 Rg6 28. Rxg6 Rxg6 29. a3 b6 30. c4 Ne7 31. g4 Kc7 32. Rg2 Kb8 33. Ke3 Qf6 34. Rf2 Qg7 35. g5 c5 36. dxc5 bxc5 37. b5 Nf5+ 38. Kd3 Ne7 39. Nf4 Bxf4 40. Qxf4+ Kc8 41. Qd6 Nf5 42. Qxc5+ Kd8 43. Rd2 Ng3 44. Kc2+ Ke8 45. Qc8+ 1-0

[Event "BCF-chT4 0506 (4NCL)"]
[Site "West Bromwich"]
[Date "2006.05.29"]
[Round "11.3"]
[White "Tucker, Andrew"]
[Black "Klein, Cornelia"]
[Result "1-0"]
[WhiteElo "1980"]
[BlackElo "1905"]
[PlyCount "57"]
[EventDate "2005.11.05"]
[EventType "team"]
[EventRounds "11"]
[EventCountry "ENG"]
[SourceTitle "CBM 109 Extra"]
[Source "ChessBase"]
[SourceDate "2006.01.03"]
[SourceVersion "2"]
[SourceVersionDate "2006.01.03"]
[SourceQuality "1"]
[WhiteTeam "Sussex Mindsports"]
[BlackTeam "Addlestone"]
[WhiteTeamCountry "ENG"]
[BlackTeamCountry "ENG"]

1. d4 Nf6 2. Bg5 e6 3. e3 b6 4. f4 Bb7 5. Nf3 h6 6. Bh4 Be7 7. Bd3 d6 8. Nbd2 Nbd7 9. 0-0 Nd5 10. Bxe7 Qxe7 11. Qe2 f5 12. a3 0-0 13. c4 N5f6 14. e4 fxe4 15. Nxe4 Rae8 16. Nc3 c5 17. Bg6 Rc8 18. d5 e5 19. Rae1 Ba6 20. b3 b5 21. cxb5 Bb7 22. fxe5 Nxd5 23. Nxd5 Bxd5 24. exd6 Qxd6 25. Qd3 Nb6 26. Nh4 Rxf1+ 27. Rxf1 c4 28. Bh7+ Kh8 29. Ng6+ 1-0

[Event "BCF-chT4 0506 (4NCL)"]
[Site "West Bromwich"]
[Date "2006.05.27"]
[Round "9.3"]
[White "Klein, Cornelia"]
[Black "Thompson, Brian"]
[Result "0-1"]
[WhiteElo "1905"]
[BlackElo "2030"]
[PlyCount "100"]
[EventDate "2005.11.05"]
[EventType "team"]
[EventRounds "11"]
[EventCountry "ENG"]
[SourceTitle "CBM 109 Extra"]
[Source "ChessBase"]
[SourceDate "2006.01.03"]
[SourceVersion "2"]
[SourceVersionDate "2006.01.03"]
[SourceQuality "1"]
[WhiteTeam "Addlestone"]
[BlackTeam "Nottinghamshire II"]
[WhiteTeamCountry "ENG"]
[BlackTeamCountry "ENG"]

1. e4 c5 2. c3 Nf6 3. e5 Nd5 4. d4 cxd4 5. cxd4 e6 6. Nc3 Nc6 7. Nf3 d6 8. Be2 dxe5 9. dxe5 Bb4 10. Bd2 0-0 11. 0-0 Bxc3 12. Bxc3 Nxc3 13. bxc3 Qa5 14. Qc2 Nxe5 15. Nxe5 Qxe5 16. Rfe1 Qc7 17. Rad1 e5 18. Bf3 Be6 19. Bd5 Bxd5 20. Rxd5 Rfe8 21. Re3 Rad8 22. Rxd8 Rxd8 23. g3 Qd6 24. Qe4 Qd5 25. Qxe5 Qxe5 26. Rxe5 Kf8 27. Re2 Rd3 28. Rc2 Ke7 29. Kf1 Kd6 30. Ke2 Rd5 31. f4 Kc5 32. Ke3 Rd7 33. f5 Kc4 34. Ke4 Re7+ 35. Kf4 Kd3 36. Rb2 Kxc3 37. Rb3+ Kc4 38. h4 b5 39. Rb2 b4 40. f6 gxf6 41. Kf5 Re3 42. Kxf6 Rxg3 43. h5 a5 44. Rh2 a4 45. Kxf7 b3 46. Rh4+ Kc5 47. a3 b2 48. Rb4 Rb3 49. Rxa4 b1Q 50. Kg7 Rg3+ 0-1

[Event "BCF-chT4 0506 (4NCL)"]
[Site "West Bromwich"]
[Date "2006.03.18"]
[Round "7.3"]
[White "Gaudeau, Valentin"]
[Black "Klein, Cornelia"]
[Result "1-0"]
[WhiteElo "1885"]
[BlackElo "1905"]
[PlyCount "143"]
[EventDate "2005.11.05"]
[EventType "team"]
[EventRounds "11"]
[EventCountry "ENG"]
[SourceTitle "CBM 109 Extra"]
[Source "ChessBase"]
[SourceDate "2006.01.03"]
[SourceVersion "2"]
[SourceVersionDate "2006.01.03"]
[SourceQuality "1"]
[WhiteTeam "Richmond II"]
[BlackTeam "Addlestone"]
[WhiteTeamCountry "ENG"]
[BlackTeamCountry "ENG"]

1. e4 e5 2. Nc3 Nc6 3. Nf3 Nf6 4. d4 exd4 5. Nd5 h6 6. Bc4 Bc5 7. 0-0 d6 8. Re1 Ne5 9. Bb3 c6 10. Nxf6+ Qxf6 11. Nxd4 0-0 12. c3 Bb6 13. h3 c5 14. Nf3 Nxf3+ 15. Qxf3 Qxf3 16. gxf3 Bxh3 17. Bf4 Rad8 18. Kh2 Be6 19. Rg1 Kh8 20. Rg2 Bxb3 21. axb3 f5 22. Be3 f4 23. Bd2 d5 24. c4 d4 25. Rag1 Rd7 26. Rg6 Bc7 27. R1g4 Kh7 28. Kg2 Re7 29. b4 Bb6 30. bxc5 Bxc5 31. b4 Bb6 32. c5 Bc7 33. b5 Rff7 34. Kf1 h5 35. R4g5 Re5 36. Rxe5 Kxg6 37. Rd5 Re7 38. Rxd4 Be5 39. Rd5 Kf6 40. Bxf4 g5 41. Be3 a6 42. b6 a5 43. Bd4 Bxd4 44. Rxd4 Ke6 45. Ra4 Kd7 46. Rxa5 Kc6 47. Kg2 Re5 48. Kg3 Rxc5 49. Ra1 Kxb6 50. Rh1 h4+ 51. Kg4 Kc6 52. f4 gxf4 53. Kxf4 Rh5 54. Kg4 Re5 55. f3 b5 56. Rxh4 b4 57. Kf4 Rb5 58. Ke3 b3 59. Rh1 b2 60. Rb1 Rb3+ 61. Kd4 Kb5 62. f4 Ka4 63. e5 Ka3 64. e6 Ka2 65. Rxb2+ Kxb2 66. e7 Rb4+ 67. Ke5 Rb3 68. Kf6 Rb6+ 69. Kf7 Rb7 70. f5 Kc3 71. f6 Kd4 72. Kf8 1-0

[Event "BL2 Gr01 0506 (Women)"]
[Site "Germany"]
[Date "2005.11.19"]
[Round "3.6"]
[White "Klein, Cornelia"]
[Black "Nischik, Natascha"]
[Result "1-0"]
[WhiteElo "1717"]
[BlackElo "1352"]
[PlyCount "45"]
[EventDate "2005.10.29"]
[EventType "team-tourn"]
[EventRounds "7"]
[EventCountry "GER"]
[SourceTitle "EXT 2007"]
[Source "ChessBase"]
[SourceDate "2006.11.23"]
[SourceVersion "1"]
[SourceVersionDate "2006.11.23"]
[SourceQuality "1"]
[WhiteTeam "Schott Mainz (W)"]
[BlackTeam "Wadgassen/Differten (W)"]
[WhiteTeamCountry "GER"]
[BlackTeamCountry "GER"]

1. e4 e5 2. Nf3 Nc6 3. Bb5 Nf6 4. 0-0 Bc5 5. Nc3 d6 6. h3 Bd7 7. d3 h6 8. Ne2 0-0 9. c3 a6 10. Ba4 Bb6 11. Ng3 Re8 12. Re1 Na7 13. Bb3 c5 14. Be3 Nc6 15. Qd2 Rc8 16. Bxh6 g6 17. Ng5 Re7 18. Kh1 Rc7 19. f4 Bc8 20. Rf1 Re8 21. f5 Nh7 22. fxg6 Nf6 23. Bxf7+ 1-0

[Event "BCF-chT4 0506 (4NCL)"]
[Site "West Bromwich"]
[Date "2005.11.05"]
[Round "1.2"]
[White "Klein, Cornelia"]
[Black "Pedersen, Carsten"]
[Result "0-1"]
[WhiteElo "1905"]
[BlackElo "2175"]
[PlyCount "88"]
[EventDate "2005.11.05"]
[EventType "team"]
[EventRounds "11"]
[EventCountry "ENG"]
[SourceTitle "CBM 109 Extra"]
[Source "ChessBase"]
[SourceDate "2006.01.03"]
[SourceVersion "2"]
[SourceVersionDate "2006.01.03"]
[SourceQuality "1"]
[WhiteTeam "Addlestone"]
[BlackTeam "Athenaeum"]
[WhiteTeamCountry "ENG"]
[BlackTeamCountry "ENG"]

1. e4 e6 2. d4 d5 3. Nd2 c5 4. c3 cxd4 5. cxd4 Nc6 6. Ngf3 Nf6 7. exd5 exd5 8. Nb3 Bf5 9. Bb5 Bd6 10. 0-0 Ne4 11. Ne5 0-0 12. Bxc6 bxc6 13. Bf4 Qb6 14. Rc1 Rfc8 15. Qf3 a5 16. Nxf7 Kxf7 17. Bxd6 Nxd6 18. g4 a4 19. Nc5 Qxb2 20. Rfd1 Qb6 21. gxf5 Qd8 22. Qh5+ Kg8 23. Re1 Ra7 24. Ne6 Qf6 25. Ng5 Qxf5 26. Re5 Qg6 27. Qxg6 hxg6 28. Re6 Nc4 29. Rxg6 Re7 30. Re6 Rxe6 31. Nxe6 Kf7 32. Nc5 a3 33. Rc3 Re8 34. Rc2 Re1+ 35. Kg2 Rb1 36. Nd3 Rb2 37. Rc1 Rxa2 38. Nb4 Rb2 39. Nxc6 a2 40. Ra1 Nd2 41. Na5 Ne4 42. h4 Nc3 43. Nc6 Rb1 44. Ne5+ Ke6 0-1

[Event "BL2 Gr01 0506 (Women)"]
[Site "Germany"]
[Date "2005.10.29"]
[Round "1.6"]
[White "Schaller, Sigrid"]
[Black "Klein, Cornelia"]
[Result "1-0"]
[WhiteElo "1566"]
[BlackElo "1717"]
[PlyCount "119"]
[EventDate "2005.10.29"]
[EventType "team-tourn"]
[EventRounds "7"]
[EventCountry "GER"]
[SourceTitle "EXT 2007"]
[Source "ChessBase"]
[SourceDate "2006.11.23"]
[SourceVersion "1"]
[SourceVersionDate "2006.11.23"]
[SourceQuality "1"]
[WhiteTeam "Wattenscheid (W)"]
[BlackTeam "Schott Mainz (W)"]
[WhiteTeamCountry "GER"]
[BlackTeamCountry "GER"]

1. Nf3 Nf6 2. d4 e6 3. c4 b6 4. Nc3 Bb4 5. a3 Bxc3+ 6. bxc3 Bb7 7. Bg5 0-0 8. e3 d6 9. Bd3 h6 10. Bh4 Nbd7 11. 0-0 Qe8 12. Re1 Ne4 13. Qc2 f5 14. Nd2 Ndf6 15. Bxf6 Nxf6 16. e4 Qg6 17. d5 exd5 18. exd5 Bc8 19. Re7 Ng4 20. f4 Re8 21. Rae1 Rxe7 22. Rxe7 Qf6 23. Re2 h5 24. Nf3 Bd7 25. Nd4 g6 26. h3 Nh6 27. Qc1 Re8 28. Rxe8+ Bxe8 29. Qe3 Bd7 30. Be2 Kf7 31. Nf3 Qe7 32. Ng5+ Ke8 33. Qxe7+ Kxe7 34. Kf2 Ng8 35. Nf3 Nf6 36. Bd3 c6 37. dxc6 Bxc6 38. Ke3 Nd7 39. g3 Nc5 40. Nd4 Bb7 41. Be2 Kd7 42. g4 hxg4 43. hxg4 fxg4 44. Bxg4+ Ke7 45. Bd1 a6 46. Bc2 Kf6 47. Nf3 Ne6 48. Nd2 Nc5 49. Nf3 Bc6 50. Nh4 g5 51. fxg5+ Kxg5 52. Nf5 Nb7 53. Nd4 Bd7 54. Be4 Nc5 55. Bc6 Bh3 56. Nc2 Bf1 57. Kd4 Kf6 58. Ne3 Be2 59. Nd5+ Ke6 60. Nf4+ 1-0

[Event "BCF-chT4b 0405 (4NCL)"]
[Site "Telford"]
[Date "2005.05.30"]
[Round "11.5"]
[White "Klein, Cornelia"]
[Black "Nelson, Omowale"]
[Result "0-1"]
[WhiteElo "1945"]
[BlackElo "2086"]
[PlyCount "84"]
[EventDate "2004.11.06"]
[EventType "team"]
[EventRounds "11"]
[EventCountry "ENG"]
[SourceTitle "EXT 2006"]
[Source "ChessBase"]
[SourceDate "2005.11.24"]
[SourceVersion "1"]
[SourceVersionDate "2005.11.24"]
[SourceQuality "1"]
[WhiteTeam "Addlestone"]
[BlackTeam "Slough III"]
[WhiteTeamCountry "ENG"]
[BlackTeamCountry "ENG"]

1. e4 c6 2. d4 d5 3. exd5 cxd5 4. c4 Nf6 5. Nc3 e6 6. a3 dxc4 7. Bxc4 a6 8. b4 b5 9. Bb3 Bb7 10. Nf3 Be7 11. Be3 0-0 12. 0-0 Qd6 13. Qd2 Rd8 14. Rfd1 Nbd7 15. Bf4 Qb6 16. d5 exd5 17. Qa2 a5 18. Nxd5 Nxd5 19. Bxd5 axb4 20. Bxf7+ Kh8 21. Qe2 Qf6 22. Bg5 Bxf3 23. Bxf6 Bxe2 24. Bxe7 Bxd1 25. Bxd8 Bc2 26. Be7 b3 27. Re1 h6 28. f4 Nb6 29. Bb4 Nc4 30. Bd5 Rd8 31. Bxc4 bxc4 32. Bc3 Rd3 33. Re8+ Kh7 34. Be5 c3 35. Re7 Kg8 36. Rxg7+ Kf8 37. Bxc3 Rxc3 38. Rb7 Be4 39. Rb4 Bd5 40. g4 Rc2 41. Kf1 b2 42. Ke1 Rc1+ 0-1

[Event "Duisburg Grossenbaum op"]
[Site "Duisburg"]
[Date "2005.05.16"]
[Round "6"]
[White "Tendick, Frank"]
[Black "Klein, Cornelia"]
[Result "1-0"]
[WhiteElo "2084"]
[BlackElo "1692"]
[PlyCount "29"]
[EventDate "2005.05.13"]
[EventType "swiss"]
[EventRounds "7"]
[EventCountry "GER"]
[SourceTitle "EXT 2006"]
[Source "ChessBase"]
[SourceDate "2005.11.24"]
[SourceVersion "1"]
[SourceVersionDate "2005.11.24"]
[SourceQuality "1"]

1. d4 Nf6 2. Nc3 e6 3. e4 b6 4. e5 Nd5 5. Ne4 Bb7 6. a3 d6 7. Bd3 dxe5 8. dxe5 c5 9. Bg5 Qd7 10. Qg4 a6 11. c4 Nc7 12. Rd1 Nc6 13. Nf3 h6 14. Bh4 g5 15. Nf6+ 1-0

[Event "Duisburg Grossenbaum op"]
[Site "Duisburg"]
[Date "2005.05.15"]
[Round "4"]
[White "Mietner, Franz"]
[Black "Klein, Cornelia"]
[Result "1/2-1/2"]
[WhiteElo "2022"]
[BlackElo "1692"]
[PlyCount "92"]
[EventDate "2005.05.13"]
[EventType "swiss"]
[EventRounds "7"]
[EventCountry "GER"]
[SourceTitle "EXT 2006"]
[Source "ChessBase"]
[SourceDate "2005.11.24"]
[SourceVersion "1"]
[SourceVersionDate "2005.11.24"]
[SourceQuality "1"]

1. e4 e5 2. Nf3 Nc6 3. Bb5 a6 4. Ba4 Nf6 5. 0-0 b5 6. Bb3 Be7 7. Re1 0-0 8. c3 d6 9. h3 Na5 10. Bc2 c5 11. d4 Qc7 12. d5 h6 13. Nbd2 Nh7 14. Nf1 f5 15. exf5 Bxf5 16. Bxf5 Rxf5 17. Ng3 Rf7 18. Qc2 Nc4 19. Nh5 Raf8 20. Qg6 Ng5 21. Nh2 Bd8 22. Ng4 Kh8 23. h4 Nh7 24. g3 Nf6 25. f4 Nxg4 26. Qxg4 Rf5 27. Qg6 Qf7 28. Qxf7 R5xf7 29. fxe5 Nxe5 30. Kg2 Rf2+ 31. Kh3 g5 32. hxg5 hxg5 33. g4 R2f3+ 34. Ng3 Nd3 35. Re3 Nf4+ 36. Kh2 Nxd5 37. Rxf3 Rxf3 38. Ne4 Ne3 39. Bxe3 Rxe3 40. Ng3 d5 41. Kg2 Bc7 42. Rh1+ Kg8 43. Nf5 Re6 44. Nh6+ Kg7 45. Nf5+ Kg8 46. Nh6+ Kg7 1/2-1/2

[Event "BCF-chT4b 0405 (4NCL)"]
[Site "Telford"]
[Date "2005.01.16"]
[Round "4.4"]
[White "Waterfield, John"]
[Black "Klein, Cornelia"]
[Result "1-0"]
[WhiteElo "2045"]
[BlackElo "1945"]
[PlyCount "45"]
[EventDate "2004.11.06"]
[EventType "team"]
[EventRounds "11"]
[EventCountry "ENG"]
[SourceTitle "EXT 2006"]
[Source "ChessBase"]
[SourceDate "2005.11.24"]
[SourceVersion "1"]
[SourceVersionDate "2005.11.24"]
[SourceQuality "1"]
[WhiteTeam "Monmouth"]
[BlackTeam "Addlestone"]
[WhiteTeamCountry "ENG"]
[BlackTeamCountry "ENG"]

1. e4 e5 2. f4 exf4 3. Nf3 h6 4. d4 g5 5. h4 Bg7 6. g3 d5 7. gxf4 dxe4 8. Ne5 g4 9. Bc4 Bxe5 10. fxe5 f5 11. exf6 Qxf6 12. Nc3 Bf5 13. Nd5 Qc6 14. Bb5 Kd8 15. Bxc6 Nxc6 16. Bf4 Rc8 17. Qd2 h5 18. 0-0-0 Rh7 19. Rhf1 Bg6 20. Bg5+ Ke8 21. Nf6+ Nxf6 22. Rxf6 Rg7 23. Qf4 1-0

[Event "BL2 Gr1 0304 (Women)"]
[Site "Germany"]
[Date "2003.11.30"]
[Round "4.5"]
[White "Schaller, Sigrid"]
[Black "Klein, Cornelia"]
[Result "1/2-1/2"]
[WhiteElo "1619"]
[BlackElo "1619"]
[PlyCount "97"]
[EventDate "2003.10.25"]
[EventType "team-tourn"]
[EventRounds "7"]
[EventCountry "GER"]
[SourceTitle "EXT 2006"]
[Source "ChessBase"]
[SourceDate "2005.11.24"]
[SourceVersion "1"]
[SourceVersionDate "2005.11.24"]
[SourceQuality "1"]
[WhiteTeam "Wattenscheid (W)"]
[BlackTeam "Mainz (W)"]
[WhiteTeamCountry "GER"]
[BlackTeamCountry "GER"]

1. Nf3 d5 2. d4 Nf6 3. c4 e6 4. Nc3 c6 5. Bg5 Nbd7 6. e3 Qa5 7. Nd2 Bb4 8. Qc2 dxc4 9. Bxf6 Nxf6 10. Bxc4 0-0 11. 0-0 e5 12. a3 Be7 13. b4 Qc7 14. dxe5 Qxe5 15. Nf3 Qf5 16. Bd3 Qh5 17. Ne4 Nxe4 18. Bxe4 Be6 19. Nd4 Bd5 20. Bxd5 Qxd5 21. Rfd1 Bf6 22. Rac1 Rad8 23. Nf3 Qe6 24. h3 h6 25. Qc5 a6 26. Qc2 Rxd1+ 27. Rxd1 Rd8 28. Rxd8+ Bxd8 29. Qd3 Bc7 30. Nd2 Qe5 31. g3 Qe6 32. Kg2 g6 33. e4 Kf8 34. Qd4 Be5 35. Qd8+ Kg7 36. Nf3 Bf6 37. Qd3 Qa2 38. e5 Be7 39. Qd7 Bf8 40. Qxb7 c5 41. Qxa6 cxb4 42. Qf6+ Kg8 43. axb4 Bxb4 44. Qd8+ Bf8 45. Nh2 h5 46. Nf3 Qe2 47. Qe8 Qe4 48. h4 Kg7 49. Qd8 1/2-1/2